Corrosion engineering (Record no. 1267)

000 -LEADER
fixed length control field 00569nam a22002177a 4500
001 - CONTROL NUMBER
control field 1267
003 - CONTROL NUMBER IDENTIFIER
control field BD-DhUET
008 - FIXED-LENGTH DATA ELEMENTS--GENERAL INFORMATION
fixed length control field 140902b xxu||||| |||| 00| 0 eng d
020 ## - INTERNATIONAL STANDARD BOOK NUMBER
International Standard Book Number 9789848725085
040 ## - CATALOGING SOURCE
Transcribing agency 0
Modifying agency BD-DhUET
082 ## - DEWEY DECIMAL CLASSIFICATION NUMBER
Classification number 620.1122
Item number NOO/2009
100 ## - MAIN ENTRY--PERSONAL NAME
Personal name Nooruddin Ahmed
245 ## - TITLE STATEMENT
Title Corrosion engineering
Remainder of title an introductory text
250 ## - EDITION STATEMENT
Edition statement 1st ed.
260 ## - PUBLICATION, DISTRIBUTION, ETC. (IMPRINT)
Place of publication, distribution, etc. Dhaka
Name of publisher, distributor, etc. N. Ahmed and I. Mahmud
Date of publication, distribution, etc. 2009
300 ## - PHYSICAL DESCRIPTION
Extent xviii, 261 p.
504 ## - BIBLIOGRAPHY, ETC. NOTE
Bibliography, etc Includes bibliographies
650 #0 - SUBJECT ADDED ENTRY--TOPICAL TERM
Topical term or geographic name as entry element Corrosion and anti-Corrosion
700 ## - ADDED ENTRY--PERSONAL NAME
Personal name Iqbal Mahmud
942 ## - ADDED ENTRY ELEMENTS (KOHA)
Koha item type General Book
Holdings
Price effective from Damaged status Koha out on loan Sublocation or collection (holding branch) Date acquired Shelving location Koha issues (times borrowed) Not for loan Koha date last seen Koha normalized classification for sorting Koha full call number Withdrawn status Location (home branch) Koha date last borrowed Source of classification or shelving scheme Copy number Koha item type Lost status Piece designation (barcode)
2014-09-02  Central Library, BUET2014-09-02Circulation section2 2021-08-28620_000000000000000_1122NOO200620.1122/NOO/2009 Central Library, BUET2021-08-28 8General Book 107513
2014-09-02  Central Library, BUET2014-09-02Circulation section25 2021-09-06620_000000000000000_1122NOO200620.1122/NOO/2009 Central Library, BUET2021-09-06 8General Book 107507
2014-09-02  Central Library, BUET2014-09-02Circulation section1 2021-08-28620_000000000000000_1122NOO200620.1122/NOO/2009 Central Library, BUET2021-08-28 8General Book 107508
2014-09-02  Central Library, BUET2014-09-02Circulation section1 2021-08-28620_000000000000000_1122NOO200620.1122/NOO/2009 Central Library, BUET2021-08-28  General Book 107506
2014-09-02  Central Library, BUET2014-09-02Circulation section1 2021-08-28620_000000000000000_1122NOO200620.1122/NOO/2009 Central Library, BUET2021-08-28  General Book 107512
2014-09-02 2025-12-15Central Library, BUET2014-09-02Circulation section5 2025-12-01620_000000000000000_1122NOO200620.1122/NOO/2009 Central Library, BUET2025-12-01  General Book 107509
2014-09-02  Central Library, BUET2014-09-02Circulation section38 2024-10-21620_000000000000000_1122NOO200620.1122/NOO/2009 Central Library, BUET2024-10-21  General Book 107505
2014-09-02  Central Library, BUET2014-09-02Circulation section1 2021-08-28620_000000000000000_1122NOO200620.1122/NOO/2009 Central Library, BUET2021-08-28  General Book 107511
2014-09-02  Central Library, BUET2014-09-02Circulation section1 2021-08-28620_000000000000000_1122NOO200620.1122/NOO/2009 Central Library, BUET2021-08-28  General Book 107504
2018-04-28  Central Library, BUET2010-01-13Circulation section1 2021-08-28620_112200000000000_NOO_2009620.1122/NOO/2009 Central Library, BUET2021-08-28 1General Book 107510